000 013800000a22001210004500
100 1 _aRodríguez Gutiérrez, Jorge Luis
245 1 0 _a"Mientras hay vida hay esperanza" - Las pequeñas y firmes esperanzas diarias en Qohélet
300 _aNum. 39 (2001/2), Páginas 69 - 76
520 _aEl artículo comienza presentando un panorama general sobre el concepto de esperanza en pensadores como Sartre, Unamuno, Spinoza, Dante y Boecio, para luego analizar el concepto de esperanza en Eclesiastés 9,4 con el telón de fondo de desesperanza que se encuentra en el libro. Dos eran los motivos para la falta de esperanza en el Eclesiastés: la situación política, en la cual Palestina estaba bajo el dominio de extranjeros, y sus reflexiones acerca del hebel de la vida y el fin de la vida tan igual para todos, hasta los animales. El artículo intenta demostrar que frente a la falta de grandes esperanzas, el Eclesiastés planteó sus pequeñas y firmes esperanzas diarias: la felicidad de los momentos cotidianos en los cuales el pan, el vino y el amor eran elementos fundamentales. Continuar vivo era la esperanza que daba sentido a todas las otras esperanzas, pues solo los vivos esperan, y estando vivos quizá un día podrían ser reconstruidas otras formas de esperanza.
650 1 4 _aESPERANZA
773 0 _tRevista de Interpretación Bíblica Latinoamericana
942 _cANA
999 _c52609
_d52609